| 000 | 00702nam a22001937a 4500 | ||
|---|---|---|---|
| 999 |
_c176061 _d176061 |
||
| 005 | 20201026154437.0 | ||
| 010 | _aUR-10914 | ||
| 020 |
_c108.00 _a9789389358438 |
||
| 035 | _aU-9469 | ||
| 037 | _bDBAD/PUB | ||
| 082 | _a841 | ||
| 100 | _dشبنم آ ر ا | ||
| 245 |
_aجد يد عو ر ت کی حثيت ا و ر ا ر د و شا عر ی _cشبنم آ ر ا |
||
| 246 |
_bJadeed Aurat Ki Hessiyat Aur Urdu Shairi (Urdu) _aby Shabnam Ara |
||
| 260 |
_aN.Delhi _bEducational Publishing House _c2019 ء |
||
| 270 |
_aH.O.D1/16,Ansari Road,Darya ganj, _bN.Delhi _e110002 _k45678285,23216162 _l0091-11-23211540 |
||
| 300 |
_a215 ص _c22 Cm(Hb) |
||
| 942 |
_2ddc _cUR _h841 _mش ب ن |
||